Facultad de Derecho – Universidad Nacional de Mar del Plata

Código Civil y Comercial de la Nación Argentina (Record no. 4105)

MARC details
000 -CABECERA
campo de control de longitud fija 00418nam a22001337a 4500
020 ## - NUMERO INTERNACIONAL NORMALIZADO PARA LIBROS (ISBN)
International Standard Book Number 9789873720307
080 ## - NUMERO DE CLASIFICACION DECIMAL UNIVERSAL (CDU)
Número de la Clasificación Decimal Universal 347 (094.4) C 498
245 ## - MENCION DE TITULO
Título propiamente dicho Código Civil y Comercial de la Nación Argentina
Parte restante del título Título preliminar y Libro Primero. Artículo 1 a 400
260 ## - PUBLICACION, DISTRIBUCION, ETC. (PIE DE IMPRENTA)
Lugar de publicación, distribución, etc. Ciudad Autónoma de Buenos Aires
Nombre del editor, distribuidor, etc. Infojus
Fecha de publicación, distribución, etc. 2015
300 ## - DESCRIPCION FISICA
Extensión 672 p.
650 ## - ASIENTO SECUNDARIO DE MATERIA - TERMINO TEMATICO
Subdivisión general Código Civil y Comercial
945 ## - INFORMACION DE PROCESAMIENTO LOCAL
Responsable de carga/modificación Sabrina Cecilia Abram
AAAA-MM-DD - Fecha de ingreso/modificación 2015-07-14
942 ## - ELEMENTOS AGREGADOS (KOHA)
Clasificación normalizada de Koha para alfabetizar _
Holdings
Retirado Perdido Fuente de clasificación Dañado No se presta Ubicación permanente Locación actual Estante o sala Fecha de adquisición Total préstamos Total renovaciones Signatura topográfica Inventario Ultima fecha vista Ultima fecha prestado Fecha del precio Tipo de item de Koha
          Bib. Derecho Bib. Derecho Sector Prestamo 14/07/2015 15 1 347 (094.4) C 498 203013 20/05/2025 12/05/2025 14/07/2015 LIBRO

XHTML | CSS | ©Biblioteca Central - Dto. Tecnología de la Información - [ Con tecnología Koha ]